|
|
|
|
| LEADER |
00000nam a2200000 i 4500 |
| 001 |
DIGUAZUAY0089 |
| 003 |
NyNyDIG |
| 007 |
cr ||||||||||| |
| 008 |
260116s2019 ec a ob 100 0 spa d |
| 006 |
m o d |
| 035 |
|
|
|a (OCoLC)1569883574
|
| 040 |
|
|
|a DGITA
|b eng
|e rda
|e pn
|c DGITA
|
| 020 |
|
|
|a 9789942822390
|q eBook
|
| 020 |
|
|
|z 9789942822383
|
| 043 |
|
|
|a s-ec---
|
| 050 |
1 |
4 |
|a HD6250.E22 ebook
|
| 245 |
0 |
0 |
|a Memorias del I Congreso Nacional la Situación de Trabajo Infantil en el Ecuador /
|c Juanita Bersosa, Ana Toledo, coordinador.
|
| 264 |
|
1 |
|a Cuenca, Ecuador :
|b Universidad del Azuay, Casa Editora,
|c [2019]
|
| 300 |
|
|
|a 1 online resource :
|b illustrations.
|
| 336 |
|
|
|a text
|b txt
|2 rdacontent
|
| 337 |
|
|
|a computer
|b c
|2 rdamedia
|
| 338 |
|
|
|a online resource
|b cr
|2 rdacarrier
|
| 347 |
|
|
|a text file
|2 rdaft
|
| 347 |
|
|
|b PDF
|
| 504 |
|
|
|a Includes bibliographical references.
|
| 588 |
0 |
|
|a Online resource; title from PDF title page (Digitalia, viewed January 16, 2026)
|
| 650 |
|
0 |
|a Child labor
|z Ecuador
|v Congresses.
|
| 700 |
1 |
|
|a Bersosa, Juanita,
|e editor.
|
| 700 |
1 |
|
|a Toledo, Ana,
|e editor.
|
| 791 |
2 |
|
|a Digitalia (Firm),
|e distributor.
|
| 793 |
0 |
|
|g Digitalia eBook Collection:
|a Universidad del Azuay
|
| 776 |
0 |
8 |
|i Print version:
|t Memorias del I Congreso Nacional la Situación de Trabajo Infantil en el Ecuador.
|d Cuenca, Ecuador : Universidad del Azuay, Casa Editora, [2019]
|z 9789942822383
|
| 856 |
4 |
0 |
|3 Digitalia Hispánica
|u https://www.digitaliapublishing.com/a/133472/
|
| 910 |
|
|
|a Premium collection: 2026
|